| 000 | 01366cam a2200277 a 4500 | ||
|---|---|---|---|
| 001 | 759 | ||
| 005 | 20230908140925.0 | ||
| 020 | _a9781426307454 (pbk. : alk. paper) | ||
| 020 | _a9780545312547 | ||
| 040 |
_aDLC _cDLC _dDLC _beng |
||
| 050 | 0 | 0 |
_aQL737.C435 _bM36 2010 |
| 082 | 0 | 0 |
_a599.5 _222 |
| 100 | 1 | _aMarsh, Laura F. | |
| 245 | 1 | 0 |
_aGreat migrations. _pWhales / _cLaura Marsh. |
| 260 |
_aWashington, D.C. : _bScholastic _c2010. |
||
| 300 |
_a48 pages : _bcolor illustrations ; _c24 cm |
||
| 490 |
_aGreat Migrations _vBook 3 |
||
| 500 | _aIncludes index. | ||
| 505 | _aS | ||
| 520 | _bOver the course of their 70-year lifespan, sperm whales will easily travel the circumference of the Earth in search of food and the need to breed and find a mate. Males will travel as far north as the Bering Sea and as far south as Antarctica in order to find enough food to sustain their ways of live--up to 700 squid a day! Along the way, these massive beasts battle 30-feet-long giant squids, and each other, to sustain their ways of life. National Geographic supports K-12 educators with ELA Common Core Resources. Visit www.natgeoed.org/commoncore for more information. | ||
| 521 |
_a790
_bLexile |
||
| 521 |
_aS
_bRaz-Plus |
||
| 650 | 0 |
_aSperm whale _xMigration _vNon-fiction. |
|
| 906 |
_a7 _bcbc _corignew _d1 _eecip _f20 _gy-gencatlg |
||
| 942 |
_2ddc _cBK _n0 |
||
| 999 |
_c759 _d759 |
||